Statistics for Winter Olympics Top 4 Countries

Click here to take the quiz!

General Stats

  • This quiz has been taken 4,747 times
  • The average score is 13 of 15

Answer Stats

Country% Correct
United States
99%
Canada
97%
Norway
97%
Russia
97%
Sweden
97%
Finland
95%
Germany
94%
Soviet Union
91%
France
90%
Austria
86%
Great Britain
86%
Italy
86%
Switzerland
86%
East Germany
70%
West Germany
60%

Score Distribution

Percentile by Number Answered

Percent of People with Each Score

Your Score History

You have not taken this quiz